La moral en el drama, en la epopeya y en la novela /

Ensayo que presenta testimonios de la evolución moral, a través de los tiempos, procedentes de obras literarias. Lucien Arreat explica que la literatura es una excelente fuente de información de la historia del hombre, en tanto los distintos tipos de ficción son reproducciones que interpretan suceso...

Fuld beskrivelse

Guardado en:
Bibliografiske detaljer
Hovedforfatter: Arreat, Lucien (autor)
Format: Bog
Sprog:spansk
Serier:(Biblioteca Científico-Filosófica)
Fag:
Tags: Tilføj Tag
Ingen Tags, Vær først til at tagge denne postø!

MARC

LEADER 00000nam^a2200000^a^4500
001 000156918
005 20250526000000.0
009 20260310100521.684
037 |a Acervo ITESO - Biblioteca 
041 |a ESP 
082 |a 809. 93353  |b ARR 
100 |a Arreat, Lucien  |e (autor) 
245 1 3 |a La moral en el drama, en la epopeya y en la novela /  |c L. Arreat. 
264 |a Madrid, España :  |b Daniel Jorro,  |c 1903 
300 |a 256 p. ;  |c 19.0 cm. 
440 1 |a (Biblioteca Científico-Filosófica) 
520 |a Ensayo que presenta testimonios de la evolución moral, a través de los tiempos, procedentes de obras literarias. Lucien Arreat explica que la literatura es una excelente fuente de información de la historia del hombre, en tanto los distintos tipos de ficción son reproducciones que interpretan sucesos de la vida real. 
649 |a XX 
650 |a Deber 
650 |a Responsabilidad 
650 |a Conducta de Vida 
650 |a Voluntad 
650 |a Bien y Mal 
650 |a Justicia e Injusticia 
650 |a Filosofía 
650 |a Emoción 
650 |a Psicología y Literatura 
650 |a Estética 
650 |a Literatura y Etica 
910 |a Fondo Salvador Reynoso Reynoso 
920 |a Impresos - Libros 
930 |a Libros Antiguos y Raros 
940 |a Literatura 
905 |a 108 
901 |a 0800016276  |b IT2  |c LRA  |u 20250526 
902 |a https://opac.biblio.iteso.mx/vufind/Record/000156918